00213nam a22000737a 4500008004100000082001600041100003100057245005100088240219b |||||||| |||| 00| 0 eng d aC ARCG Ej.110aArciniegas, Triunfoeautor aLa gallina y el mostruo / cTriunfo Arciniegas